00300nam a2200121Ia 450000500170000000800410001708200130005810000210007124500220009226000420011430000120015665000100016820250402014238.0240331s9999 xx 000 0 und d bTHIa894 aThillainathan, P 0aYuthathai thinpom aScarboroughbAruvi Publicationsc1999 a44 p ., aPoems